1258 1985 1388 1755 1883 1519 1901 1564 1594 1359 1530 1483 1442 1342 1553 1349 1410 1852 1054 1208 1101 1906 1379 1488 1882 1480 1760 1309 1643 1187 1648 1006 1870 1856 1465 1860 1791 1569 1235 1144 1906 1528 1587 1866 1489 1425 1590 1195 1290 1383 1115 1322 1008 1077 1949 1361 1847 1519 1727 1663 1438 1352 1519 1488 1599 1564 1113 1621 1777 1365 1921 1579 1615 1200 1482 1557 1950 1950 1457 1277 1307 1771 1727 1542 1090 1227 1634 1778 1904 1590 1841 1307 1055 1259 1693 1569 1378 1421 1731 BCNSPRNW ULIB Ver.6.0+V

เปลี่ยนเป็นภาษาไทย

Change to English
 แสดงรายละเอียดบรรณานุกรม
  กลับหน้าหลัก

Brief Record : Get Marc (ISO 2709) : E-mail record : QR code < ปิดหน้าต่าง
LEADER : 00000nam 2200000uu 4500
001    13399114477
003     ULIB
008    120404s2550||||th 000 0 tha d
020    ^a9789749901045
060 04 ^aWP100^bช360พ 2550
100 0  ^aชัญวลี ศรีสุโข
245 10 ^aพูดจาภาษาหญิง /^cชัญวลี ศรีสุโข ; บรรณาธิการ ประภาส เที่ยงธรรม
250    ^aพิมพ์ครั้งที่ 1
260    ^aกรุงเทพฯ :^bบุ๊คว์ ทู ยู,^c2550
300    ^a160 หน้า :^bภาพประกอบ ;^c21 ซม.
440  0 ^aหนังสือชุดรู้โรค รู้รักษา และการดูแลสุขภาพด้วยตนเอง
650  7 ^aนรีเวชวิทยา
650  7 ^aสตรี^xสุขภาพและอนามัย
700 0  ^aประภาส เที่ยงธรรม,^eบรรณาธิการ
945    ^p135^l0^i14397
995    ^aกัณชพร
999    ^aใช้งานได้ทุกระบบ
รายการนี้ยังไม่มีแท็ก
คุณยังไม่ได้ล็อกอิน คุณสามารถมีกิจกรรมร่วมกับเว็บไซต์ได้ แต่ต้องล็อกอินก่อน ::
  ล็อกอิน

รายการสื่อสารสนเทศ

ลำดับที่ ประเภท เลขเรียก/บาร์โค้ด สถานที่ สถานะ
1. วิทยาศาสตร์การแพทย์ และสุขภาพ
วิทยาศาสตร์การแพทย์ และสุขภาพ
WP100 ช360พ 2550  
  Barcode: 14397
ห้องสมุดวิทยาเขตสวรรค์ประชารักษ์
►ส่วนจัดเก็บหนังสือเก่า สปร
บนชั้น
  ขอยืม

รายการใกล้เคียง
    ผู้แต่ง [ชัญวลี ศรีสุโข]

    หัวเรื่อง [นรีเวชวิทยา]

BibComment


ยังไม่เคยถูกคอมเมนท์

คอมเมนท์ทรัพยากรรายการนี้
  คอมเมนท์: พูดจาภาษาหญิง ช..


 Copyright 2026. Bcnsprnw @Library